| 000 | 00000nam 2200000zi 4500 |
| 001 | 9.931909 |
| 003 | CaOODSP |
| 005 | 20241119113232 |
| 006 | m o d f |
| 007 | cr |n||||||||| |
| 008 | 231229e197709##qucab o f|0| 0 fre d |
| 040 | |aCaOODSP|bfre|erda|cCaOODSP |
| 043 | |an-cn-qu |
| 086 | 1 |aCW66-1458/1977F-PDF |
| 100 | 1 |aLemieux, Serge, |eauteur. |
| 245 | 10|aExtension du secteur Therrien : |bRNF du lac Saint-François / |cpar Serge Lemieux. |
| 264 | 1|a[Sainte-Foy, Québec] : |bService canadien de la faune, Pêches et Environnement, |cseptembre 1977. |
| 300 | |a1 ressource en ligne (13 pages non numérotées) : |bcartes, illustrations |
| 336 | |atexte|btxt|2rdacontent/fre |
| 337 | |ainformatique|bc|2rdamedia/fre |
| 338 | |aressource en ligne|bcr|2rdacarrier/fre |
| 500 | |aÉdition numérisée de l’imprimé [par Environnement et changement climatique Canada]. |
| 650 | 6|aRefuges fauniques|zQuébec (Province)|xGestion. |
| 650 | 6|aParcs nationaux|zQuébec (Province)|xGestion. |
| 650 | 0|aWildlife refuges|zQuébec (Province)|xManagement. |
| 650 | 0|aNational parks and reserves|zQuébec (Province)|xManagement. |
| 651 | 0|aRéserve nationale de faune du lac Saint-François (Québec) |
| 710 | 2 |aService canadien de la faune, |eorganisme de publication. |
| 856 | 40|qPDF|s4.03 Mo|uhttps://publications.gc.ca/collections/collection_2024/eccc/cw66/CW66-1458-1977-fra.pdf |